Responses for Show #7018 - Wednesday, March 4, 2015

Contestants

[<< previous game]

Laura Lorson, a newscaster and editor from Perry, Kansas

Dave Perkins, a high school assistant principal from Wenatchee, Washington

Alvin Chin, a tutor from Highland Park, New Jersey (whose 1-day cash winnings total $32,100)

[next game >>]

Jeopardy! Round responses

NEW TO THE SCRABBLE PLAYERS DICTIONARY
FILE UNDER "Q"
ABBREVIATED REALITY
NOT-SO-DESPERATE MEASURES
STATE HOLIDAYS
DONE & DONE
    $200 27
FRENEMY

Dave
    $200 25
a quill

Dave
    $200 30
The Biggest Loser

Laura
    $200 8
tablespoons

Dave
    $200 1
Lincoln

Dave
    $200 29
Buzz Aldrin

Laura
    $400 26
a MOJITO

Dave
    $400 18
quicksand

Dave
    $400 23
The Real World

Alvin
    $400 14
(Laura: What's a kernel?)
(Alvin: What is a peck?)

a grain

AlvinLaura
Triple Stumper
    $400 24
(Alex: Yes, with less than a minute to go now.)

Alabama

Laura
    $400 28
Sir Christopher Wren

Dave
    $600 10
CHILLAX

Laura
    $600 2
Qantas

Dave
    $600 22
America's Got Talent

Laura
    $4,000 19
a rod

Dave
    $600 3
(Cesar) Chavez

Alvin
    $600 9
John Paul Jones

Dave
    $800 11
EDAMAME

Laura
    $800 6
a quince

Alvin
    $800 15
Last Comic Standing

Alvin
    $800 20
a dram

Alvin
    $800 4
POW & MIA

Dave
    $800 16
Justice Alito

Alvin
    $1000 12
BEATBOX

Dave
    $1000 7
the quaking aspen

Laura
    $1000 13
RuPaul's Drag Race

Triple Stumper
    $1000 21
a nautical mile

Dave
    $1000 5
Utah

Dave
    $1000 17
Che Guevara

Dave

Scores at the first commercial break (after clue 15):

Alvin Dave Laura
$1,800 $4,400 $2,000

Scores at the end of the Jeopardy! Round:

Alvin Dave Laura
$3,800 $12,000 $3,400

Double Jeopardy! Round responses

JOLLY OLD CITIES IN ENGLAND
REMEMBERING LAUREN BACALL
TIME TO GO EXPLORIN'
BOOKS ABOUT WRITERS
TOOT YOUR "-ONE"
HORN
    $400 20
Liverpool

Alvin
    $400 23
(Alex: You are right, with less than a minute to go now.)

Erik the Red

Alvin
    $400 1
Harper Lee

Dave
    $400 25
prone

Alvin
    $400 24
Istanbul

Alvin
    $800 14
Cambridge

Alvin
    $800 27
Doris Duke

Laura
    $800 22
the Falklands

Alvin
    $800 26
(J.D.) Salinger

Alvin
    $800 18
a baritone

Laura
    $800 17
a primer

Laura
    $1200 2
Nottingham

Laura
    $1200 29
[The end-of-round signal sounds.]

Marilyn Monroe

Triple Stumper
    $1200 21
Prince Henry the Navigator

Alvin
    $1200 9
(Anton) Chekhov

Alvin
    $1200 12
dethrone

Dave
    $1200 16
Neil Simon

Laura
    $1600 3
(Dave: [in a British accent] What is [*]?)
(Alex: [*], yes. I love your pronunciation.)
(Dave: Oh. It's lovely.)
[Laughter]

Bath

Dave
    $1600 28
(Alvin: What is The It Girl?)

Sex and the Single Girl

Alvin
Triple Stumper
    $3,000 13
circumnavigation of the Earth

Dave
    $1600 8
George Eliot

Laura
    $1600 11
(Laura: What is a stone?)
(Alex: Be more specific.)

a cherrystone

Laura
    $1600 15
a viper

Alvin
    $2000 4
Hull

Alvin
    $2000 19
Designing Woman

Triple Stumper
    $2000 7
longitude

Laura
    $3,000 6
(Alvin: Who is... Saint Patrick?)

Jonathan Swift

Alvin
    $2000 10
(Laura: Un Français?)

a Francophone

AlvinLaura
    $2000 5
(Dave: What is Cape Horn?)

the Horn of Africa

AlvinDave

Scores at the end of the Double Jeopardy! Round:

Alvin Dave Laura
$13,200 $16,200 $11,400

[wagering suggestions for these scores]

Final Jeopardy! Round responses

PRESIDENTS & THE WHITE HOUSE
(Alex: [To Dave] No--[*]. President Obama was born in 1961.)
LauraWho is Lyndon Johnson?
$0
AlvinWho was Eisenhower
$13,200
DaveWho was Eisenhower?
$10,201
John Fitzgerald Kennedy

Final scores:

Alvin Dave Laura
$0 $5,999 $11,400
3rd place: $1,000 2nd place: $2,000 New champion: $11,400

Game dynamics:

Coryat scores:

Alvin Dave Laura
$16,200 $11,400 $11,400
19 R,
3 W
(including 1 DD)
19 R
(including 2 DDs),
1 W
15 R,
2 W

Combined Coryat: $39,000

[game clues] [game scores] [suggest correction]

Game tape date: Unknown
The J! Archive is created by fans, for fans. Scraping, republication, monetization, and malicious use prohibited; this site may use cookies and collect identifying information. See terms. The Jeopardy! game show and all elements thereof, including but not limited to copyright and trademark thereto, are the property of Jeopardy Productions, Inc. and are protected under law. This website is not affiliated with, sponsored by, or operated by Jeopardy Productions, Inc. Join the discussion at JBoard.tv.